000 00415nam a2200121Ia 4500
008 220620s9999||||xx |||||||||||||| ||und||
100 _aMarco Aurelio Pinheiro Lima||Alexandra Pardo Policastro Natalense
245 0 _aBioethanol
546 _aEnglish[eng]
650 _aLife Sciences||Biofuels||Environmental Sciences||Environmental Management
856 _uhttps://www.intechopen.com/books/bioethanol
942 _cEB
999 _c29562
_d29562